Cyclisme : Vainqueurs masculins des Grands Tours - Statistiques

Statistiques générales
  • Ce quiz a été pris 82 fois
  • Le résultat moyen est 43 sur 160
Statistiques - réponses
Hint Réponse % Correct
5 Tadej Pogačar
98%
3 Jonas Vingegaard
95%
7 Christopher Froome
90%
10 Bernard Hinault
89%
11 Eddy Merckx
84%
2 Egan Bernal
82%
1 Geraint Thomas
82%
7 Alberto Contador
81%
4 Vincenzo Nibali
81%
5 Primož Roglič
79%
2 Simon Yates
79%
1 Bradley Wiggins
77%
1 Remco Evenepoel
73%
1 Andy Schleck
71%
1 Cadel Evans
68%
2 Marco Pantani
68%
3 Laurent Fignon
66%
7 Miguel Indurain
66%
8 Jacques Anquetil
65%
1 Sepp Kuss
65%
1 Jai Hindley
63%
1 Tom Dumoulin
61%
7 Fausto Coppi
60%
2 Jan Ullrich
60%
3 Greg LeMond
55%
5 Gino Bartali
53%
1 Laurent Jalabert
53%
3 Louison Bobet
53%
2 Nairo Quintana
53%
1 Tao Geoghegan Hart
53%
2 Bernard Thévenet
52%
1 Carlos Sastre
52%
1 Óscar Pereiro
52%
2 Luis Ocaña
50%
1 Richard Carapaz
48%
1 Bjarne Riis
45%
1 Alejandro Valverde
44%
2 Stephen Roche
44%
1 Maurice Garin
42%
1 Raymond Poulidor
42%
1 Federico Bahamontes
40%
2 Joop Zoetemelk
40%
2 Lucien Petit-Breton
39%
3 Pedro Delgado
39%
1 Fabio Aru
37%
1 Lucien Van Impe
37%
2 Hugo Koblet
34%
1 Jean Robic
34%
1 Ferdi Kübler
32%
1 Christopher Horner
31%
5 Felice Gimondi
31%
3 Charly Gaul
29%
1 Francesco Moser
29%
2 Roger Pingeon
29%
1 Roger Walkowiak
29%
1 Alexandre Vinokourov
27%
2 Antonin Magne
27%
1 Henri Cornet
27%
2 Jan Janssen
27%
1 Lucien Aimar
27%
4 Roberto Heras
27%
1 Sean Kelly
27%
4 Tony Rominger
26%
3 Philippe Thys
24%
1 Romain Maes
24%
2 Sylvère Maes
24%
5 Alfredo Binda
23%
2 André Leducq
23%
1 Delio Rodríguez
23%
2 Denis Menchov
23%
1 Emilio Rodríguez
23%
2 Ivan Basso
23%
1 Louis Trousselier
23%
1 Michele Scarponi
23%
2 Ottavio Bottecchia
23%
1 Ryder Hesjedal
23%
2 Gastone Nencini
21%
2 Nicolas Frantz
21%
1 Octave Lapize
21%
1 Henri Pélissier
19%
2 Alex Zülle
18%
1 Danilo Di Luca
18%
1 Georges Speicher
18%
1 Gustave Garrigou
18%
1 Damiano Cunego
16%
1 René Pottier
16%
1 Abraham Olano
15%
1 Álvaro Pino
15%
2 Firmin Lambot
15%
1 François Faber
15%
1 Freddy Maertens
15%
1 Gianni Bugno
15%
2 Gilberto Simoni
15%
2 Giuseppe Saronni
15%
1 Lucien Buysse
15%
1 Luis Herrera
15%
1 Maurice Dewaele
15%
1 Odile Defraye
15%
1 Roger Lapébie
15%
1 Léon Scieur
13%
1 Pavel Tonkov
13%
1 Aitor González
11%
2 Costante Girardengo
11%
1 Evgueni Berzin
11%
1 Jean Stablinski
11%
1 Luigi Ganna
11%
1 Michel Pollentier
11%
2 Paolo Savoldelli
11%
1 Stefano Garzelli
11%
1 Ángel Casero
10%
3 Fiorenzo Magni
10%
1 Learco Guerra
10%
1 Franco Chioccioli
8%
2 Giovanni Battaglin
8%
3 Giovanni Brunero
8%
1 Gösta Pettersson
8%
2 Ivan Gotti
8%
1 Rudi Altig
8%
1 Andrew Hampsten
6%
1 Éric Caritoux
6%
1 Fausto Bertoglio
6%
1 Gianni Motta
6%
1 Johan De Muynck
6%
1 Marco Giovannetti
6%
1 Melchor Mauri
6%
1 Roberto Visentini
6%
1 Angelino Soler
5%
1 Arnaldo Pambianco
5%
1 Bernardo Ruiz
5%
1 Carlo Clerici
5%
1 Ercole Baldini
5%
2 Franco Balmamion
5%
2 Giovanni Valetti
5%
2 Gustaaf Deloor
5%
2 José Manuel Fuente
5%
2 Julián Berrendero
5%
1 Vittorio Adorni
5%
1 Antonio Suárez
3%
2 Carlo Galetti
3%
1 Carlo Oriani
3%
1 Edward Van Dijck
3%
1 Gaetano Belloni
3%
1 Jean Dotto
3%
1 Jesús Loroño
3%
1 Marino Lejarreta
3%
1 Vasco Bergamaschi
3%
1 Agustín Tamames
2%
1 Alfonso Calzolari
2%
1 Angelo Conterno
2%
1 Antonio Pesenti
2%
1 Faustino Rupérez
2%
1 Ferdinand Bracke
2%
1 Francesco Camusso
2%
1 Frans De Mulder
2%
1 Giuseppe Enrici
2%
1 José Pesarrodona
2%
1 Rolf Wolfshohl
2%
1 Dalmacio Langarica
0%
1 Francisco Gabica
0%
1 Luigi Marchisio
0%
Aucun quiz correspondant
Distribution des résultats
% des personnes avec chaque résultat
Percentile par nombre de réponses
Votre historique - résultats
Vous n’avez pas pris ce quiz